How to develop a pro-poor land policy: process, guide and lessons/ UN-HABITAT (Record no. 3070)
[ view plain ]
| 000 -LEADER | |
|---|---|
| fixed length control field | 00608nam a2200181 4500 |
| 003 - CONTROL NUMBER IDENTIFIER | |
| control field | OSt |
| 005 - DATE AND TIME OF LATEST TRANSACTION | |
| control field | 20210810124437.0 |
| 008 - FIXED-LENGTH DATA ELEMENTS--GENERAL INFORMATION | |
| fixed length control field | 210810b ||||| |||| 00| 0 eng d |
| 020 ## - INTERNATIONAL STANDARD BOOK NUMBER | |
| International Standard Book Number | 9789211319699 |
| 040 ## - CATALOGING SOURCE | |
| Transcribing agency | ALUPE UNIVERSITY |
| 050 ## - LIBRARY OF CONGRESS CALL NUMBER | |
| Classification number | HD983 |
| Item number | .U5 2007 |
| 110 ## - MAIN ENTRY--CORPORATE NAME | |
| Corporate name or jurisdiction name as entry element | United Nation Human Settlement Programme (UN HABITAT) |
| 245 ## - TITLE STATEMENT | |
| Title | How to develop a pro-poor land policy: process, guide and lessons/ UN-HABITAT |
| Remainder of title | process, guide and lessons/ |
| Statement of responsibility, etc. | UN-HABITAT |
| 260 ## - PUBLICATION, DISTRIBUTION, ETC. | |
| Place of publication, distribution, etc. | Nairobi : |
| Name of publisher, distributor, etc. | UN-HABITAT, |
| Date of publication, distribution, etc. | 2007 |
| 300 ## - PHYSICAL DESCRIPTION | |
| Extent | 22 p. : |
| 650 ## - SUBJECT ADDED ENTRY--TOPICAL TERM | |
| Source of heading or term | Land reforms - Developing countries |
| 942 ## - ADDED ENTRY ELEMENTS (KOHA) | |
| Source of classification or shelving scheme | |
| Koha item type | Book |
| Suppress in OPAC | SO |
| Withdrawn status | Lost status | Source of classification or shelving scheme | Damaged status | Not for loan | Permanent Location | Current Location | Shelving location | Date acquired | Source of acquisition | Total Checkouts | Full call number | Barcode | Date last seen | Copy number | Price effective from | Koha item type | Public note |
|---|---|---|---|---|---|---|---|---|---|---|---|---|---|---|---|---|---|
| AU LIBRARY | AU LIBRARY | Open Shelf | 10.08.2021 | DONATION FROM MOI UNIVERSITY | HD983 .U5 2007 C1 | 28004199 | 10.08.2021 | 1 | 10.08.2021 | Book | SO | ||||||
| AU LIBRARY | AU LIBRARY | Open Shelf | 10.08.2021 | DONATION FROM MOI UNIVERSITY | HD983 .U5 2007 C2 | 28004200 | 10.08.2021 | 2 | 10.08.2021 | Book | SO | ||||||
| AU LIBRARY | AU LIBRARY | Open Shelf | 10.08.2021 | DONATION FROM MOI UNIVERSITY | HD983 .U5 2007 C3 | 28004201 | 10.08.2021 | 3 | 10.08.2021 | Book | SO |